Statistiques concernant Equipe de France - Les buteurs à l'Euro

Cliquez ici pour prendre le quiz!

Statistiques générales

  • Ce quiz a été pris 81 fois
  • Le résultat moyen est 13 sur 25

Statistiques - réponses

PosteEuroNbr de butNom% Correct
Attaquant2016 - 20207Antoine Griezmann
99%
Milieu19849Michel Platini
96%
Attaquant20163Olivier Giroud
96%
Milieu2000 - 20045Zinedine Zidane
96%
Attaquant20204Karim Benzema
91%
Attaquant2000 - 2004 - 20086Thierry Henry
90%
Milieu2016 - 20202Paul Pogba
84%
Attaquant2000 - 20043David Trezeguet
79%
Milieu20163Dimitri Payet
66%
Défenseur1996 - 20002Laurent Blanc
64%
Milieu1996 - 20003Youri Djorkaeff
63%
Attaquant19922Jean-Pierre Papin
57%
Attaquant20002Sylvain Wiltord
57%
Milieu20121Samir Nasri
54%
Attaquant1996 - 20002Christophe Dugarry
43%
Milieu19841Alain Giresse
37%
Milieu20121Yohan Cabaye
31%
Attaquant20121Jérémy Ménez
30%
Milieu19841Luis Fernandez
26%
Attaquant19841Bruno Bellone
24%
Défenseur19842Jean-François Domergue
19%
Attaquant19961Patrice Loko
14%
Attaquant19601Jean Vincent
11%
Attaquant19602François Heutte
6%
Attaquant19601Maryan Wisniewski
3%

Distribution des résultats

Percentile par nombre de réponses

% des personnes avec chaque résultat

Votre développement - résultats

Vous n’avez pas pris ce quiz